000 00556nam a22001937a 4500
003 OSt
005 20160621183301.0
008 160621b xxu||||| |||| 00| 0 eng d
020 _a0750688165
040 _cDNLM.
082 _aQT235N95f 2006.
100 _aEdited by Eperjesi,Frank;Beatty,stephen.
_99504
245 _aNutrition and the eye .
_bA practical approach.
260 _aLondon.
_bElsevier,Butterworth heinemann.
_c2006.
300 _axiii,261p;
_bcol,ill;
_c25cm
504 _aincludes index.
650 _aNutrition.
_9321
942 _2z
_cO_SHELF
999 _c4426
_d4426